书目信息 |
| 题名: |
低氟 (无氟) 环保型冶金渣研究与应用
|
|
| 作者: | 彭军 , 王艺慈 著 | |
| 分册: | ||
| 出版信息: | 北京 冶金工业出版社 2016 |
|
| 页数: | 151页 | |
| 开本: | 24cm | |
| 丛书名: | ||
| 单 册: | ||
| 中图分类: | TF111.17 , TF111 | |
| 科图分类: | ||
| 主题词: | 冶金渣--ye jin zha--无污染技术--研究 | |
| 电子资源: | ||
| ISBN: | 978-7-5024-7375-4 | |
| 000 | 01187nam0 2200253 450 | |
| 001 | 2339405906 | |
| 005 | 20231212105705.07 | |
| 010 | @a978-7-5024-7375-4@dCNY48.00 | |
| 100 | @a20161203d2016 em y0chiy50 ea | |
| 101 | 0 | @achi |
| 102 | @aCN@b110000 | |
| 105 | @aak a 000yy | |
| 200 | 1 | @a低氟 (无氟) 环保型冶金渣研究与应用@Adi fu (wu fu) huan bao xing ye jin zha yan jiu yu ying yong@f彭军, 王艺慈著 |
| 210 | @a北京@c冶金工业出版社@d2016 | |
| 215 | @a151页@c图@d24cm | |
| 320 | @a有书目 (第145-151页) | |
| 330 | @a本书共分7章, 首先简要介绍冶金含氟熔渣的应用及研究现状, 阐明研究和开发新型低氟 (无氟) 预处理脱磷渣系、炉外精炼渣系和连铸结晶器保护渣系的必要性; 然后将冶金热力学相图计算与实验相结合, 对铁水预处理用和炉外精炼用新型低氟 (无氟) 渣进行研究开发, 重点讨论了低氟精炼渣的熔化性能、对钢液的脱硫脱氧去夹杂作用、对耐火材料的侵蚀作用及其在工业生产中的应用情况; 最后总结新型低氟 (无氟) 连铸结晶器保护渣的理化性能及渣膜传热控制方面的研究成果。 | |
| 606 | 0 | @a冶金渣@Aye jin zha@x无污染技术@x研究 |
| 690 | @aTF111.17@v5 | |
| 690 | @aTF111@v4 | |
| 701 | 0 | @a彭军@Apeng jun@4著 |
| 701 | 0 | @a王艺慈@Awang yi ci@4著 |
| 801 | 0 | @aCN@b湖北三新@c20161203 |
| 905 | @aZUCC@dTF111@e2 | |
| 低氟 (无氟) 环保型冶金渣研究与应用/彭军, 王艺慈著.-北京:冶金工业出版社,2016 |
| 151页:图;24cm |
| ISBN 978-7-5024-7375-4:CNY48.00 |
| 本书共分7章, 首先简要介绍冶金含氟熔渣的应用及研究现状, 阐明研究和开发新型低氟 (无氟) 预处理脱磷渣系、炉外精炼渣系和连铸结晶器保护渣系的必要性; 然后将冶金热力学相图计算与实验相结合, 对铁水预处理用和炉外精炼用新型低氟 (无氟) 渣进行研究开发, 重点讨论了低氟精炼渣的熔化性能、对钢液的脱硫脱氧去夹杂作用、对耐火材料的侵蚀作用及其在工业生产中的应用情况; 最后总结新型低氟 (无氟) 连铸结晶器保护渣的理化性能及渣膜传热控制方面的研究成果。 |
| ● |
| 相关链接 |
|
|
|
正题名:低氟 (无氟) 环保型冶金渣研究与应用
索取号:TF111/2
 
预约/预借
| 序号 | 登录号 | 条形码 | 馆藏地/架位号 | 状态 | 备注 |
| 1 | 2001459410 | 2001459410 | 602书库/ [索取号:TF111/2] | 在馆 | |
| 2 | 2001459411 | 2001459411 | 602书库/ [索取号:TF111/2] | 在馆 | |
| 3 | 2001459412 | 2001459412 | 602书库/ [索取号:TF111/2] | 在馆 | |
| 4 | 2001459413 | 2001459413 | 602书库/ [索取号:TF111/2] | 在馆 | |
| 5 | 2001459414 | 2001459414 | 共建书房-化工学院/ [索取号:TF111/2] | 在馆 | |
| 6 | 2001459415 | 2001459415 | 214主题书屋/ [索取号:TF111/2] | 在馆 | |
| 7 | 2001459416 | 2001459416 | 214主题书屋/ [索取号:TF111/2] | 在馆 | |
| 8 | 2001459417 | 2001459417 | 214主题书屋/ [索取号:TF111/2] | 在馆 | |
| 9 | 2001459418 | 2001459418 | 214主题书屋/ [索取号:TF111/2] | 在馆 | |
| 10 | 2001459419 | 2001459419 | 214主题书屋/ [索取号:TF111/2] | 在馆 | |
| 11 | 2001459420 | 2001459420 | 共建书房-化工学院/ [索取号:TF111/2] | 在馆 | |
| 12 | 2001459421 | 2001459421 | 共建书房-化工学院/ [索取号:TF111/2] | 在馆 | |
| 13 | 2001459422 | 2001459422 | 共建书房-化工学院/ [索取号:TF111/2] | 在馆 | |
| 14 | 2001459423 | 2001459423 | 共建书房-化工学院/ [索取号:TF111/2] | 在馆 | |
| 15 | 2001459424 | 2001459424 | 共建书房-化工学院/ [索取号:TF111/2] | 在馆 | |
| 16 | 2001459425 | 2001459425 | 214主题书屋/ [索取号:TF111/2] | 在馆 | |
| 17 | 2001459426 | 2001459426 | 214主题书屋/ [索取号:TF111/2] | 在馆 | |
| 18 | 2001459427 | 2001459427 | 214主题书屋/ [索取号:TF111/2] | 在馆 | |
| 19 | 2001459428 | 2001459428 | 213主题书屋/213室1架2层1列/ [索取号:TF111/2] | 在馆 | |
| 20 | 2001459429 | 2001459429 | 213主题书屋/213室1架2层1列/ [索取号:TF111/2] | 在馆 | |
| 21 | 2001459430 | 2001459430 | 213主题书屋/213室1架2层1列/ [索取号:TF111/2] | 在馆 | |
| 22 | 2001459431 | 2001459431 | 213主题书屋/213室1架2层1列/ [索取号:TF111/2] | 在馆 | |
| 23 | 2001459432 | 2001459432 | 213主题书屋/213室1架2层1列/ [索取号:TF111/2] | 在馆 | |
| 24 | 2001459433 | 2001459433 | 213主题书屋/213室1架2层1列/ [索取号:TF111/2] | 在馆 | |
| 25 | 2001459434 | 2001459434 | 218书库/ [索取号:TF111/2] | 在馆 | |
| 26 | 2001459435 | 2001459435 | 218书库/ [索取号:TF111/2] | 在馆 | |
| 27 | 2001459436 | 2001459436 | 218书库/ [索取号:TF111/2] | 在馆 | |
| 28 | 2001459437 | 2001459437 | 218书库/ [索取号:TF111/2] | 在馆 | |
| 29 | 2001459438 | 2001459438 | 218书库/ [索取号:TF111/2] | 在馆 | |
| 30 | 2001459439 | 2001459439 | 218书库/ [索取号:TF111/2] | 在馆 |